Mpango wa Maendeleo wa Mwaka 2006/07/ (Record no. 6867)

000 -LEADER
fixed length control field 00395nam a22001097a 4500
008 - FIXED-LENGTH DATA ELEMENTS--GENERAL INFORMATION
fixed length control field 200401b ||||| |||| 00| 0 eng d
245 ## - TITLE STATEMENT
Title Mpango wa Maendeleo wa Mwaka 2006/07/
Statement of responsibility, etc. Wizara ya Mipango, Uchumi na Uwezeshaji,
Medium Swahili.
260 ## - PUBLICATION, DISTRIBUTION, ETC. (IMPRINT)
Place of publication, distribution, etc. Dar Es Salaam:
Name of publisher, distributor, etc. Wizara ya Mipango, Uchumi na Uwezeshaji,
Date of publication, distribution, etc. 2006.
300 ## - PHYSICAL DESCRIPTION
Extent iii, 114p;
Dimensions 29cm.-
650 ## - SUBJECT ADDED ENTRY--TOPICAL TERM
Source of heading or term PLANNING AND DEVELOPMENT
942 ## - ADDED ENTRY ELEMENTS (KOHA)
Source of classification or shelving scheme
Koha item type BOOKS

No items available.

IRDP © 2019 :: Managed by IRDP ICT Unit